000 004370000a22001810004500
003 MACL
005 20151220134308.0
008 151220b xxu||||| |||| 00| 0 eng d
040 _aMACL
_cMACL
041 _aEnglish
082 _a741.642/BON
100 _aBovard, Ron
_921625
245 _aWindows For The Soul
260 _bWardell Publications
350 _a1150
650 _aChildrens Book
_97875
942 _cBK
_k741.642/BOV
_2ddc
999 _c40401
_d40401